000 01365nam0a2200313 i 4500
001 RU\NLR\BIBL_A\010201092
005 20260405115615.0
010 _a9785913250582
010 _a987-5-9903826-7-1
_95000
021 _aRU
_b2014-23675
_91468
035 _a(NLR Aleph) 010201092
090 _a10244152
_c10244152
100 _a20140306d2014 km y0rusy50 ca
101 0 _arus
102 _aRU
105 _aac||z|||000zy
200 1 _aДети блокадного Ленинграда
_fСветлана Магаева, Людмила Тервонен
210 _aМосква
_cКлассика
_d2014
215 _a357, [2] с.
_cил., портр.
_d22
300 _aНа 356-357-й с. авт.: Магаева С.В., д-р наук, физиолог, Тервонен Л.И., педиатр
320 _aБиблиогр.: с. 321-328 (89 назв.)
320 _aДр. работы авторов: с. 356-357
606 _aБлокада Ленинграда
_jВоспоминания, записки и т.п.
_z1941 - 1944
_92077679
_3RU\NLR\AUTH\661253360
686 1 _aТ3(2)722.721,013
700 1 _aМагаева
_bС. В.
_f1931-
_gСветлана Васильевна
701 1 _7ca
_8rus
_aТервонен
_bЛ. И.
_f1938-
_gЛюдмила Ивановна
_928898
_3RU\NLR\AUTH\7745963
942 _cBOOK
980 _aNBR